| 000 | 00834nam a22001817a 4500 | ||
|---|---|---|---|
| 999 |
_c63939 _d63939 |
||
| 003 | Ge_BSU | ||
| 005 | 20260225165918.0 | ||
| 008 | 260225s1975 ge ||||| |||| 00| 0 geo d | ||
| 041 | _ageo | ||
| 080 | _a338(479.22) მ-54 | ||
| 100 |
_aმელქაძე, ვალერიან _926759 |
||
| 245 |
_aსაქართველოს ეკონომიკის დაჩქარებული განვითარების კომპლექსური პროგრამა. _cვალერიან მელქაძე. |
||
| 250 | _aმე-2 გამოცემა | ||
| 264 |
_aთბ. : _bსაბჭ. საქართველო, _c1975. |
||
| 300 |
_a122 გვ. ; _b17 სმ. |
||
| 653 | _aსაქართველოს ეკონომიკა. | ||
| 942 |
_2udc _cᲬᲘᲒᲜᲘ |
||